000 00307nam a2200121Ia 4500
008 220204s9999 xx 000 0 und d
082 _a631.8
_bFOL
100 _aFOLLETT, R H
245 0 _aFertilizers and soil amendments
260 _aNew Jersey
_bPrentice Hall
_c1981
650 _aFertilizers
942 _cBK
999 _c36403
_d36403